Responses for show #3487 - Tuesday, November 2, 1999

1999-B Teen Tournament quarterfinal game 2.

Contestants

[<< previous game]

Chacko George, a junior from Slidell, Louisiana

Chrissy Ijams, a sophomore from Modesto, California

Adam Trabka, a sophomore from Shelton, Connecticut

[next game >>]

Jeopardy! Round responses

U.S. CITIES
VOICES
THE BIBLE
UNIVERSAL STUDIOS ISLANDS OF ADVENTURE
REMEMBER THE '80s?
AS MOM SAYS...
    $100 2
(A: What is Cardinal?)

Palo Alto

AdamChrissy
    $100 11
The Simpsons

Chacko
    $100 18
Simon Peter

Triple Stumper
    $100 26
Spider-Man

Chacko
    $100 1
Pope John Paul II

Chacko
    $100 16
By its cover

Adam
    $200 3
(Chacko: What is Madison?)

Milwaukee

AdamChacko
    $200 12
Babe

Chrissy
    $200 19
Bodyguard

Chrissy
    $200 27
"Green Eggs and Ham"

Chacko
    $200 7
Back to the Future

Chacko
    $200 17
(Chacko: They'll get stuck.)
(Alex: Remember your phrasing.)

They'll stay that way

Chacko
    $300 4
Minnesota

Adam
    $300 13
Jason Alexander

Adam
    $300 23
Kiss

Triple Stumper
    $300 28
Jurassic Park

Adam
    $300 8
Rubik's Cube

Chacko
    $300 20
Out of a sow's ear

Chrissy
    $400 5
Atlantic City

Chrissy
    $400 14
Jennifer Lopez

Triple Stumper
    $400 24
Towers

Chacko
    $400 29
The Cat in the Hat

Chrissy
    $400 9
Contact

Chacko
    $400 21
Twice shy

Chrissy
    $300 6
Fort Lauderdale

Chrissy
    $500 15
(A: Who is Neve Campbell?)

Lacey Chabert

AdamChrissy
    $500 25
(Chacko: What are Saturn's rings?)
(Chrissy: What are fish?)
(less than a minute to go...)

Star of Bethlehem

ChrissyChacko
Triple Stumper
    $500 30
The Incredible Hulk

Chrissy
    $500 10
"The Polar Express"

Chrissy
    $500 22
Prepare for the worst

Chrissy

Scores at the first commercial break (after clue 13):

Adam Chrissy Chacko
$700 $1,500 $900

Scores at the end of the Jeopardy! Round:

Adam Chrissy Chacko
$600 $3,800 $1,300

Double Jeopardy! Round responses

ANCIENT CHINA
WHEN THEY WERE TEENS
BOTANY
COMPUTER LITERACY
COLLEGES & UNIVERSITIES
DOUBLE TALK
    $200 4
Acupuncture

Adam
    $200 1
Sandra Bullock

Chrissy
    $200 19
Maple

Chacko
    $200 22
Silicon Valley

Chrissy
    $200 7
Detroit

Chacko
    $200 11
Yo-yo

Chacko
    $400 8
Fingerprint

Adam
    $400 2
(Chacko: Who is Alicia Silverstone?)

Tori Spelling

AdamChacko
    $400 26
(A: What is bamboo?)

Cactus

AdamChacko
    $400 23
Bill Gates

Adam
    $400 9
Rhode Island School of Design

Triple Stumper
    $400 13
L.L.

Chrissy
    $600 12
Silk

Adam
    $600 3
Matt Damon

Chacko
    $600 30
Coconut palm

Triple Stumper
    $600 24
HAL

Chacko
    $600 10
Tufts

Triple Stumper
    $600 14
Tutu

Chrissy
    $800 20
Solar eclipses

Chacko
    $800 5
Anjelica Huston

Adam
    $800 29
Water lilies

Chrissy
    $800 25
(and about a minute to go...)

"The Hitchhiker's Guide to the Galaxy"

Triple Stumper
    $800 17
Baylor University

Chrissy
    $800 15
So-so

Adam
    $1000 21
3

Adam
    $1000 6
(Chrissy: Who is Kenny G?)

Bill Clinton

ChrissyChacko
    $1000 27
(A: What is the hymen?)

Pistil

AdamChacko
    $1000 28
Cyberpunk

Triple Stumper
    $600 18
Cornell

Chrissy
    $1,000 16
Can-Can

Adam

Scores at the end of the Double Jeopardy! Round:

Adam Chrissy Chacko
$4,800 $6,400 $5,900

Final Jeopardy! Round responses

SCIENCE HISTORY
(Alex: He was a famous astronomer.)
AdamWhat is Antarctica?
$4,800
ChackoWhat is Mars?
$4,100
ChrissyWhat is Antarctica?
$1,405
Mars

Final scores:

Adam Chrissy Chacko
$0 $4,995 $10,000
3rd place: $2,500 if eliminated 2nd place: $2,500 if eliminated Automatic semifinalist

Game dynamics:

Coryat scores:

Adam Chrissy Chacko
$4,800 $7,000 $5,900
14 R
(including 1 DD),
4 W
19 R
(including 2 DDs),
2 W
18 R,
3 W

Combined Coryat: $17,700

The J! Archive is created by fans, for fans. Scraping, republication, monetization, and malicious use prohibited; this site may use cookies and collect identifying information. See terms. The Jeopardy! game show and all elements thereof, including but not limited to copyright and trademark thereto, are the property of Jeopardy Productions, Inc. and are protected under law. This website is not affiliated with, sponsored by, or operated by Jeopardy Productions, Inc. Join the discussion at JBoard.tv.